000 00281nam a22001217a 4500
008 170519b xxu||||| |||| 00| 0 eng d
041 _aeng
080 _28 ED
_a94(7/8)
100 _a16
101 _aSHH
245 _aAMERICAN A NARATIVE HISTORY
_cTINDAL.G.B
942 _2udc
_cBK
999 _c13555
_d13555